Всё о муми-троллях. Кн. 1: Маленькие тролли и большое наводнение | Комета прилетает | Шляпа Волшебника | Мемуары папы Муми-тролля | Опасное лето (Запись № 11131911)

Подробности
000 -МАРКЕР
контрольное поле 01459nam2a2200241 4500
001 - ИДЕНТИФИКАТОР ЗАПИСИ
контрольное поле RU\NLR\BIBL_A\011330612
005 - ИДЕНТИФИКАТОР ВЕРСИИ
контрольное поле 20250626043805.0
010 ## - МЕЖДУНАРОДНЫЙ СТАНДАРТНЫЙ НОМЕР КНИГИ (ISBN)
Номер (ISBN) 978-5-389-11791-4
Тираж 15000
021 ## - НОМЕР ГОСУДАРСТВЕННОЙ РЕГИСТРАЦИИ
Код страны Российская Федерация
Номер 2017-3421
Номер Листа государственной регистраци 244
035 ## - ДРУГИЕ СИСТЕМНЫЕ НОМЕРА
Идентификатор записи (NLR Aleph) 011330612
100 ## - ДАННЫЕ ОБЩЕЙ ОБРАБОТКИ
Данные общей обработки 20170216d2016 |||y0rusy50 ca
101 1# - ЯЗЫК РЕСУРСА
Язык текста, звукозаписи и т.д. русский
Язык оригинала шведский
102 ## - СТРАНА ПУБЛИКАЦИИ ИЛИ ПРОИЗВОДСТВА
Страна публикации Российская Федерация
105 ## - ПОЛЕ КОДИРОВАННЫХ ДАННЫХ: ТЕКСТОВЫЕ МАТЕРИАЛЫ, МОНОГРАФИЧЕСКИЕ
Кодированные данные о монографическом текстовом документе a|||z|||000ay
200 1# - ЗАГЛАВИЕ И СВЕДЕНИЯ ОБ ОТВЕТСТВЕННОСТИ
Основное заглавие Маленькие тролли и большое наводнение
-- Комета прилетает
-- Шляпа Волшебника
-- Мемуары папы Муми-тролля
-- Опасное лето
210 ## - ПУБЛИКАЦИЯ, РАСПРОСТРАНЕНИЕ И ДР.
Дата издания, распространения и т.д. 2016
-- (макет: 2017)
Место издания, распространения и т.д. Б. м.
215 ## - ФИЗИЧЕСКАЯ ХАРАКТЕРИСТИКА
Специфическое обозначение материала и объем 526, [1] с.
Другие сведения о физической характеристике ил.
461 #0 - УРОВЕНЬ НАБОРА
Встроенное поле 001RU\NLR\BIBL_A\011347105
-- 2001#$aВсё о муми-троллях$e[повести-сказки$eдля среднего школьного возраста]$fТуве Янссон$g[перевод со шведского Нины Беляковой и др.]$gиллюстрации автора$vКн. 1
-- 700#1$aЯнссон$bТ.$gТуве$f1914-2001$3RU\NLR\AUTH\7712828
Системный номер (АБИС) связанной записи 11224253
Автор Янссон, Т. (1914-2001)
Место публикации Санкт-Петербург [и др.]
Дата публикации 2016
Первые сведения об ответственности Туве Янссон
Имя издателя, распространителя и т.д. Азбука [и др.]
Сведения, относящиеся к заглавию [повести-сказки : для среднего школьного возраста]
Заглавие Всё о муми-троллях
Номер тома Кн. 1
942 ## - ДОПОЛНИТЕЛЬНЫЕ ЭЛЕМЕНТЫ ЗАПИСИ (АБИС)
Тип экземпляра АБИС Книга
980 ## - КОЛЛЕКЦИЯ
Название коллекции Национальная библиография
Экземпляры
Тип экземпляра Дата поступления Источник поступления Библиотека постоянного хранения Библиотека текущего хранения Место хранения Шифр хранения Штрих-код Статус экземпляра Стоимость Нумерация / хронология для периодики
Книга 16.02.2017 Обязательный экземпляр РНБ (Московский) РНБ (Московский) Русский книжный фонд: издания с 1957 года 2017-7/886 1-1724471      
Книга 16.02.2017 Обязательный экземпляр РНБ (Московский) РНБ (Московский) Обменный фонд   1-1724472   265.00 2017